Archidiecezje w Polsce - Statystyki

Ogólne statystyki
  • Ten quiz został rozwiązany 155 razy
  • Średni wynik to 10 z 14
Statystyki odpowiedzi
Archidiecezja % Poprawnych
warszawska
97%
krakowska
95%
gdańska
91%
poznańska
89%
wrocławska
89%
łódzka
81%
białostocka
77%
lubelska
76%
katowicka
74%
gnieźnieńska
68%
częstochowska
64%
przemyska
44%
warmińska
31%
szczecińsko-kamieńska
26%
Nie znaleziono quizów pasujących do podanych kryteriów
Rozkład punktacji
Procent ludzi z każdym wynikiem
Percentyl według liczby udzielonych odpowiedzi
Twoja historia wyników
Nie rozwiązałeś tego quizu